000 00222nam a22000857a 4500
008 170124b xxu||||| |||| 00| 0 eng d
100 _92538
_aPurang.Y.P.etal.
245 _aEnvironment Education-9
260 _aNew Delhi
_bAPC
_c2011
999 _c5627
_d5627